Central Library OPAC University of Rajshahi

Foreign influence in ancient India / (Record no. 26870)

MARC details
000 -LEADER
fixed length control field 00720cam a22002531 4500
001 - CONTROL NUMBER
control field 26870
003 - CONTROL NUMBER IDENTIFIER
rucl marc code BD-RjUL
005 - DATE AND TIME OF LATEST TRANSACTION
control field 20211209051058.0
008 - FIXED-LENGTH DATA ELEMENTS--GENERAL INFORMATION
fixed length control field 140323s1963 ii b 001 0 eng
035 ## - SYSTEM CONTROL NUMBER
System control number (BD-RjUL)26941
System control number (OCoLC)274069
040 ## - CATALOGING SOURCE
Original cataloging agency DLC
Transcribing agency OAU
Modifying agency OCoLC
-- Uk
-- DLC
Language of cataloging eng
041 ## - LANGUAGE CODE
Language code of text/sound track or separate title eng
082 ## - DEWEY DECIMAL CLASSIFICATION NUMBER
Classification number 954.01
Author mark and year JAF 1963
100 1# - MAIN ENTRY--PERSONAL NAME
Personal name Jairazbhoy, R. A.
Fuller form of name (Rafique Ali),
Dates associated with a name 1925-
9 (RLIN) 82576
245 10 - TITLE STATEMENT
Title Foreign influence in ancient India /
Statement of responsibility, etc. R. A. Jairazbhoy.
260 ## - PUBLICATION, DISTRIBUTION, ETC. (IMPRINT)
Place of publication, distribution, etc. Bombay :
-- New York :
Name of publisher, distributor, etc. Asia Pub. House,
Date of publication, distribution, etc. 1963
300 ## - PHYSICAL DESCRIPTION
Pagination vi, 195 p. ;
Size 23 cm.
504 ## - BIBLIOGRAPHY, ETC. NOTE
Bibliography, etc Includes index
651 #0 - SUBJECT ADDED ENTRY--GEOGRAPHIC NAME
Geographic name India
General subdivision Relations.
9 (RLIN) 82577
942 ## - ADDED ENTRY ELEMENTS (KOHA)
Source of classification or shelving scheme Dewey Decimal Classification
Koha item type Books
Holdings
Lost status Source of classification or shelving scheme Damaged status Not for loan Collection code Permanent Location Current Location Shelving location Date acquired Source of acquisition Cost, normal purchase price Total Checkouts Full call number Date last seen Copy number Koha item type
  Dewey Decimal Classification   Added to bundle Non-fiction Central Library, University of Rajshahi Central Library, University of Rajshahi Reading Room 14/05/1965 Green book house 29.00   954.01 JAF 1963 23/03/2014 C-1 Books
  Dewey Decimal Classification     Non-fiction Central Library, University of Rajshahi Central Library, University of Rajshahi   03/01/1966 Euro Park 3.25   954.01 JAF 1963 24/03/2014 C-3 Books